[Event "Treviso Master op 4th"]
[Site "Treviso"]
[Date "2023.04.02"]
[Round "5"]
[White "Cardarelli, Angelo"]
[Black "Moser, Gabriele"]
[Result "1-0"]
[WhiteElo "1963"]
[BlackElo "1942"]
[PlyCount "121"]
[EventDate "2023.03.31"]
[EventType "swiss"]
[EventRounds "5"]
[EventCountry "ITA"]
[SourceTitle "EXT 2024"]
[Source "ChessBase"]
[SourceDate "2023.10.10"]
[SourceVersion "1"]
[SourceVersionDate "2023.10.10"]
[SourceQuality "1"]

1. d4 Nf6 2. c4 g6 3. Nc3 Bg7 4. e4 d6 5. f3 0-0 6. Be3 e5 7. d5 a5 8. Bd3 Nh5 9. Nge2 f5 10. Qd2 Na6 11. a3 Bd7 12. Bc2 b6 13. exf5 gxf5 14. 0-0-0 Nc5 15. Ng3 Qe8 16. Bh6 f4 17. Bxg7 Nxg7 18. Nge4 Nf5 19. Nxc5 bxc5 20. Bxf5 Bxf5 21. g4 fxg3 22. Rdg1 Bg6 23. Rxg3 Kh8 24. Qh6 Qf7 25. h4 Qf4+ 26. Qxf4 Rxf4 27. b3 Rb8 28. Nb5 a4 29. Kb2 Bd3 30. Kc3 Be2 31. Kd2 Bxf3 32. Rf1 e4 33. bxa4 Rxh4 34. a5 Rh2+ 35. Kc3 h5 36. a6 h4 37. a7 Ra8 38. Rgxf3 exf3 39. Rxf3 h3 40. Kb3 Rh1 41. Ka4 h2 42. Rh3+ Kg7 43. Ka5 Rxa7+ 44. Nxa7 Ra1 45. Rxh2 Rxa3+ 46. Kb5 Rxa7 47. Rf2 Kg6 48. Kc6 Kg5 49. Kd7 Rb7 50. Kc8 Ra7 51. Kb8 Ra4 52. Kxc7 Rxc4 53. Kxd6 Rd4 54. Kxc5 Rd1 55. d6 Rc1+ 56. Kb6 Rb1+ 57. Kc7 Rc1+ 58. Kd8 Kg6 59. d7 Kg7 60. Rf4 Rc2 61. Ke7 1-0

[Event "Treviso Master op 4th"]
[Site "Treviso"]
[Date "2023.04.01"]
[Round "2"]
[White "Moser, Gabriele"]
[Black "Sala, Giulia"]
[Result "0-1"]
[WhiteElo "1942"]
[BlackElo "2021"]
[PlyCount "70"]
[EventDate "2023.03.31"]
[EventType "swiss"]
[EventRounds "5"]
[EventCountry "ITA"]
[SourceTitle "EXT 2024"]
[Source "ChessBase"]
[SourceDate "2023.10.10"]
[SourceVersion "1"]
[SourceVersionDate "2023.10.10"]
[SourceQuality "1"]

1. d4 d5 2. c4 e6 3. Nc3 Nf6 4. Bg5 c6 5. Nf3 Nbd7 6. e3 Be7 7. Be2 0-0 8. 0-0 h6 9. Bh4 dxc4 10. Bxc4 b5 11. Bd3 a6 12. Bxf6 Nxf6 13. Ne4 Nd7 14. Qc2 Bb7 15. a3 a5 16. Rfd1 Qb8 17. Rac1 Kh8 18. Nc5 Nxc5 19. dxc5 e5 20. Bxb5 cxb5 21. c6 Bc8 22. c7 Qb6 23. Nxe5 Bf6 24. Nxf7+ Rxf7 25. Qe4 Bb7 26. c8Q+ Rxc8 27. Rxc8+ Bxc8 28. Qe8+ Kh7 29. Qxf7 Be6 30. Qh5 Bxb2 31. Rb1 Bxa3 32. Qxb5 Qxb5 33. Rxb5 a4 34. Rb1 Be7 35. e4 a3 0-1

[Event "Caldaro op 3rd"]
[Site "Caldaro"]
[Date "2018.11.02"]
[Round "2"]
[White "Moser, Gabriele"]
[Black "Gil, Arthur"]
[Result "0-1"]
[WhiteElo "1978"]
[BlackElo "1999"]
[PlyCount "82"]
[EventDate "2018.11.01"]
[EventType "swiss"]
[EventRounds "6"]
[EventCountry "ITA"]
[SourceTitle "EXT 2021"]
[Source "ChessBase"]
[SourceDate "2020.10.23"]
[SourceVersion "1"]
[SourceVersionDate "2020.10.23"]
[SourceQuality "1"]

1. e4 e5 2. Nf3 Nc6 3. Bc4 Nf6 4. Ng5 d5 5. exd5 Nd4 6. c3 b5 7. cxd4 bxc4 8. dxe5 Qxd5 9. exf6 Qxg5 10. Qe2+ Be6 11. Qf3 0-0-0 12. 0-0 Rd3 13. Qc6 gxf6 14. Nc3 Rg8 15. g3 Bd6 16. Ne4 Qg6 17. b3 f5 18. Nc5 Bxc5 19. Qxc5 f4 20. Qe5 f3 21. Qf4 Qh5 22. h4 Rg4 23. Qf6 Qc5 24. Kh2 Re4 25. b4 Qd5 26. Bb2 Rxd2 27. Bc3 Rd3 28. Rfe1 Rxc3 29. Rxe4 Qxe4 30. Qxc3 Qg4 31. Kg1 Bd5 32. Qe1 Be4 33. Rd1 Qh3 34. Qf1 Qe6 35. Rd4 Bd3 36. Rxd3 cxd3 37. Qxd3 Qe1+ 38. Qf1 Qxb4 39. Qa6+ Kb8 40. Kh2 Qb2 41. Kg1 Qe2 0-1

[Event "Caldaro op 3rd"]
[Site "Caldaro"]
[Date "2018.11.01"]
[Round "1"]
[White "Molina, Fabrizio"]
[Black "Moser, Gabriele"]
[Result "1-0"]
[WhiteElo "2226"]
[BlackElo "1978"]
[PlyCount "61"]
[EventDate "2018.11.01"]
[EventType "swiss"]
[EventRounds "6"]
[EventCountry "ITA"]
[SourceTitle "EXT 2021"]
[Source "ChessBase"]
[SourceDate "2020.10.23"]
[SourceVersion "1"]
[SourceVersionDate "2020.10.23"]
[SourceQuality "1"]

1. Nf3 Nf6 2. c4 g6 3. g3 Bg7 4. Bg2 0-0 5. 0-0 d6 6. Nc3 e5 7. d3 Nc6 8. Rb1 Re8 9. Ne1 Nd4 10. e3 Ne6 11. b4 c6 12. Nf3 Nc7 13. b5 d5 14. bxc6 bxc6 15. Qa4 Qd7 16. Qa5 e4 17. dxe4 Nxe4 18. Nxe4 dxe4 19. Nd2 f5 20. Bb2 Ba6 21. Bxg7 Qxg7 22. Rfc1 Qe5 23. Qa4 Qd6 24. Nb3 Rab8 25. Bf1 c5 26. Rd1 Qb6 27. Rd7 Rbc8 28. Rbd1 Qb4 29. Qc6 Re6 30. Rd8+ Re8 31. Rxe8+ 1-0

[Event "ITA-ch U20 sf"]
[Site "Alessandria"]
[Date "2018.07.25"]
[Round "5.6"]
[White "Maselli, Daniel"]
[Black "Moser, Gabriele"]
[Result "1/2-1/2"]
[WhiteElo "1936"]
[BlackElo "1985"]
[PlyCount "76"]
[EventDate "2018.07.21"]
[EventType "swiss"]
[EventRounds "9"]
[EventCountry "ITA"]
[SourceTitle "EXT 2023"]
[Source "ChessBase"]
[SourceDate "2022.10.05"]
[SourceVersion "1"]
[SourceVersionDate "2022.10.05"]
[SourceQuality "1"]

1. d4 Nf6 2. Nf3 e6 3. Bf4 c5 4. e3 Be7 5. c3 a6 6. a4 b6 7. Bd3 Bb7 8. Nbd2 d5 9. 0-0 c4 10. Bc2 0-0 11. Qe2 b5 12. axb5 axb5 13. Rxa8 Bxa8 14. Ra1 Nbd7 15. Ne5 Qb6 16. e4 Nxe5 17. Bxe5 dxe4 18. Bxf6 Bxf6 19. Nxe4 Bxe4 20. Qxe4 g6 21. Qe2 Rc8 22. g3 b4 23. Be4 Bg7 24. Qc2 f5 25. Bf3 Bh6 26. Ra4 bxc3 27. Qxc3 Bg7 28. Rb4 Qxd4 29. Qxd4 Bxd4 30. Be2 c3 31. bxc3 Bxc3 32. Rc4 Rxc4 33. Bxc4 Kf7 34. f3 g5 35. g4 fxg4 36. fxg4 Kf6 37. Kg2 e5 38. Bd3 h6 1/2-1/2

[Event "ITA-ch U20 sf"]
[Site "Alessandria"]
[Date "2018.07.24"]
[Round "4.7"]
[White "Moser, Gabriele"]
[Black "Miatto, Marco"]
[Result "1-0"]
[WhiteElo "1985"]
[BlackElo "1801"]
[PlyCount "29"]
[EventDate "2018.07.21"]
[EventType "swiss"]
[EventRounds "9"]
[EventCountry "ITA"]
[SourceTitle "EXT 2023"]
[Source "ChessBase"]
[SourceDate "2022.10.05"]
[SourceVersion "1"]
[SourceVersionDate "2022.10.05"]
[SourceQuality "1"]

1. e4 e6 2. d4 d5 3. Nc3 Nf6 4. Bg5 Bb4 5. e5 h6 6. Bd2 Bxc3 7. bxc3 Ne4 8. Qg4 Kf8 9. h4 c5 10. Rh3 Qa5 11. Bd3 Nxd2 12. Kxd2 Qc7 13. Rg3 g6 14. Bxg6 Ke7 15. Bxf7 1-0

[Event "Arco Christmas op 8th"]
[Site "Arco"]
[Date "2017.12.29"]
[Round "6"]
[White "Donini, Tanja"]
[Black "Moser, Gabriele"]
[Result "0-1"]
[WhiteElo "1359"]
[BlackElo "1946"]
[PlyCount "86"]
[EventDate "2017.12.26"]
[EventType "swiss"]
[EventRounds "7"]
[EventCountry "ITA"]
[SourceTitle "CBM 182 Extra"]
[Source "ChessBase"]
[SourceDate "2018.02.23"]
[SourceVersion "1"]
[SourceVersionDate "2018.02.23"]
[SourceQuality "1"]

1. d4 Nf6 2. c4 g6 3. Nc3 Bg7 4. Nf3 0-0 5. Bf4 d6 6. e3 Nbd7 7. Bd3 c5 8. 0-0 b6 9. Re1 Nh5 10. Bg3 f5 11. Bc2 Bb7 12. Nd5 Ndf6 13. Nxf6+ Bxf6 14. e4 Nxg3 15. hxg3 fxe4 16. Bxe4 Bxe4 17. Rxe4 Qc7 18. Qd3 Rf7 19. Rae1 Rd8 20. b3 d5 21. cxd5 Rxd5 22. Qe3 Rf8 23. dxc5 Rxc5 24. Nd4 Rc3 25. Nb5 Rxe3 26. Nxc7 Rxe1+ 27. Rxe1 Rc8 28. Nd5 Rc2 29. Nxe7+ Kf7 30. Nd5 Rxa2 31. Nxf6 Kxf6 32. Re3 Ra1+ 33. Kh2 Ra3 34. g4 a5 35. Kg3 b5 36. Kf4 g5+ 37. Ke4 a4 38. Kd4 axb3 39. Kc5 b2 40. Rxa3 b1Q 41. Ra6+ Ke5 42. Rc6 b4 43. Kc4 Qc2+ 0-1

[Event "Arco Christmas op 8th"]
[Site "Arco"]
[Date "2017.12.29"]
[Round "5"]
[White "Moser, Gabriele"]
[Black "Tonina, Filippo"]
[Result "0-1"]
[WhiteElo "1946"]
[BlackElo "2062"]
[PlyCount "78"]
[EventDate "2017.12.26"]
[EventType "swiss"]
[EventRounds "7"]
[EventCountry "ITA"]
[SourceTitle "CBM 182 Extra"]
[Source "ChessBase"]
[SourceDate "2018.02.23"]
[SourceVersion "1"]
[SourceVersionDate "2018.02.23"]
[SourceQuality "1"]

1. e4 d6 2. d4 Nf6 3. Nc3 g6 4. Nf3 Bg7 5. h3 0-0 6. Be3 Na6 7. e5 Nd7 8. e6 fxe6 9. Ng5 Nf6 10. d5 exd5 11. Nxd5 c6 12. Nxf6+ Bxf6 13. c3 d5 14. h4 e5 15. f3 h6 16. Qc2 Bf5 17. Bd3 Bxd3 18. Qxd3 e4 19. fxe4 hxg5 20. e5 Bxe5 21. Qxg6+ Bg7 22. Qe6+ Rf7 23. hxg5 Qd7 24. Qh3 Qxh3 25. gxh3 Re8 26. Kd2 c5 27. Rhf1 Rfe7 28. Rae1 d4 29. cxd4 cxd4 30. Bf2 Rxe1 31. Rxe1 Rxe1 32. Bxe1 Kf7 33. Kd3 Kg6 34. h4 Nc5+ 35. Kc4 Ne4 36. a4 Kf5 37. b4 Kg4 38. a5 Kf3 39. Kd3 a6 0-1

[Event "Arco Christmas op 8th"]
[Site "Arco"]
[Date "2017.12.26"]
[Round "1"]
[White "Moser, Gabriele"]
[Black "Simbola, Carlo"]
[Result "1/2-1/2"]
[WhiteElo "1946"]
[BlackElo "1539"]
[PlyCount "76"]
[EventDate "2017.12.26"]
[EventType "swiss"]
[EventRounds "7"]
[EventCountry "ITA"]
[SourceTitle "CBM 182 Extra"]
[Source "ChessBase"]
[SourceDate "2018.02.23"]
[SourceVersion "1"]
[SourceVersionDate "2018.02.23"]
[SourceQuality "1"]

1. e4 e6 2. d4 d5 3. exd5 exd5 4. Bd3 Bd6 5. Ne2 Nf6 6. 0-0 0-0 7. Bf4 Be6 8. Qd2 c6 9. Ng3 Qc7 10. Bxd6 Qxd6 11. Nf5 Bxf5 12. Bxf5 Re8 13. Nc3 Nbd7 14. Rfe1 Nb6 15. b3 Nc8 16. Rxe8+ Nxe8 17. Re1 Ne7 18. Bd3 Nf6 19. Qg5 Ng6 20. g3 Qb4 21. Bxg6 Qxc3 22. Bxf7+ Kxf7 23. Qe5 Re8 24. Qc7+ Kf8 25. Qd6+ Kf7 26. Qc7+ Kg6 27. Rxe8 Nxe8 28. Qxb7 Qe1+ 29. Kg2 Qe4+ 30. Kg1 Qxc2 31. Qxa7 Qb1+ 32. Kg2 Qe4+ 33. Kg1 Nf6 34. h4 Ng4 35. h5+ Kf6 36. Qd7 Qe1+ 37. Kg2 Qe4+ 38. Kg1 Qe1+ 1/2-1/2

[Event "Chioggia op-A 12th"]
[Site "Chioggia"]
[Date "2017.10.08"]
[Round "4"]
[White "Moser, Gabriele"]
[Black "Smole, Albert"]
[Result "1-0"]
[WhiteElo "2133"]
[BlackElo "2071"]
[PlyCount "111"]
[EventDate "2017.10.06"]
[EventType "swiss"]
[EventRounds "5"]
[EventCountry "ITA"]
[SourceTitle "EXT 2022"]
[Source "ChessBase"]
[SourceDate "2021.10.06"]
[SourceVersion "1"]
[SourceVersionDate "2021.10.06"]
[SourceQuality "1"]

1. e4 e5 2. Nf3 Nf6 3. Nc3 Nc6 4. Bc4 Nxe4 5. Bxf7+ Kxf7 6. Nxe4 d5 7. Nc3 Be7 8. d3 Rf8 9. 0-0 Kg8 10. h3 h6 11. Re1 Bf6 12. Ne2 Be6 13. Ng3 Qe8 14. Qe2 Qf7 15. Bd2 Rae8 16. Bc3 Bd7 17. Rad1 g5 18. Nh2 Bh8 19. Ng4 Kh7 20. b4 a6 21. a3 Re6 22. Bb2 Rfe8 23. c4 Nd4 24. Qd2 c6 25. Bxd4 exd4 26. c5 Qe7 27. Rxe6 Qxe6 28. Nh2 Qg6 29. Re1 Bg7 30. Rxe8 Qxe8 31. Nf3 Qg6 32. Qe2 g4 33. Ne5 Bxe5 34. Qxe5 gxh3 35. Qc7 Qe6 36. Qxb7 Kg6 37. Qb8 hxg2 38. Kxg2 Qh3+ 39. Kg1 Qg4 40. Qg8+ Kf6 41. Qf8+ Kg6 42. Qg8+ Kf6 43. Qf8+ Ke6 44. Qxh6+ Ke7 45. Qh7+ Kd8 46. Kg2 Qf4 47. Qg8+ Kc7 48. Qa8 Bc8 49. Qa7+ Bb7 50. Qb6+ Kc8 51. a4 Qd2 52. b5 Qb4 53. Nf5 axb5 54. Nd6+ Kd7 55. Qxb7+ Ke6 56. Qf7+ 1-0

[Event "Chioggia op-A 12th"]
[Site "Chioggia"]
[Date "2017.10.07"]
[Round "2"]
[White "Moser, Gabriele"]
[Black "Zamengo, Fulvio"]
[Result "0-1"]
[WhiteElo "2133"]
[BlackElo "2304"]
[PlyCount "94"]
[EventDate "2017.10.06"]
[EventType "swiss"]
[EventRounds "5"]
[EventCountry "ITA"]
[SourceTitle "EXT 2022"]
[Source "ChessBase"]
[SourceDate "2021.10.06"]
[SourceVersion "1"]
[SourceVersionDate "2021.10.06"]
[SourceQuality "1"]

1. d4 Nf6 2. Bf4 g6 3. Nf3 Bg7 4. e3 0-0 5. Be2 c5 6. 0-0 Qb6 7. Nbd2 d5 8. dxc5 Qxc5 9. c4 dxc4 10. Nxc4 Be6 11. Rc1 Na6 12. Be5 Rfd8 13. Bd4 Qb5 14. Nce5 Qe8 15. a4 Nb4 16. Bb5 Qf8 17. Rc7 Nfd5 18. Rxb7 Bc8 19. Nd7 Bxd7 20. Rxd7 Rxd7 21. Bxd7 Rd8 22. Bb5 e5 23. Bxa7 Qe7 24. Qb3 e4 25. Nd2 Qxa7 26. Nxe4 Qe7 27. Nc3 Nxc3 28. bxc3 Nd3 29. Rd1 Nc5 30. Rxd8+ Qxd8 31. Qb4 Qd1+ 32. Bf1 Nxa4 33. c4 Bf8 34. Qb8 Nc5 35. g3 Ne4 36. Kg2 Nd2 37. Bd3 Qf3+ 38. Kg1 Qc6 39. Qb2 Nf3+ 40. Kf1 Nxh2+ 41. Kg1 Nf3+ 42. Kf1 Qd6 43. Qe2 Qc6 44. e4 Ne5 45. Qc2 Qd7 46. Be2 Bc5 47. Kg2 Qd4 0-1

[Event "Caldaro Puntay op-B 1st"]
[Site "Caldaro"]
[Date "2016.10.22"]
[Round "3"]
[White "Unterkofler, Alex"]
[Black "Moser, Gabriele"]
[Result "1/2-1/2"]
[WhiteElo "1770"]
[BlackElo "1744"]
[PlyCount "52"]
[EventDate "2016.10.21"]
[EventType "swiss"]
[EventRounds "5"]
[EventCountry "ITA"]
[SourceTitle "EXT 2018"]
[Source "ChessBase"]
[SourceDate "2017.10.13"]
[SourceVersion "1"]
[SourceVersionDate "2017.10.13"]
[SourceQuality "1"]

1. e4 c6 2. d4 d5 3. Nc3 dxe4 4. Nxe4 Bf5 5. Ng3 Bg6 6. h4 h6 7. h5 Bh7 8. Nf3 Nd7 9. Bd3 Bxd3 10. Qxd3 Ngf6 11. Bd2 e6 12. 0-0-0 Bd6 13. Ne4 Nxe4 14. Qxe4 Nf6 15. Qh4 Nd5 16. c4 Qxh4 17. Rxh4 Nf6 18. Bc3 0-0-0 19. Ne5 Bxe5 20. dxe5 Rxd1+ 21. Kxd1 Nd7 22. Rg4 Rg8 23. g3 Kd8 24. Ke2 Ke7 25. Ke3 c5 26. b3 b6 1/2-1/2

[Event "Caldaro Puntay op-B 1st"]
[Site "Caldaro"]
[Date "2016.10.21"]
[Round "1"]
[White "Casadio, Niccolo"]
[Black "Moser, Gabriele"]
[Result "0-1"]
[WhiteElo "1531"]
[BlackElo "1744"]
[PlyCount "70"]
[EventDate "2016.10.21"]
[EventType "swiss"]
[EventRounds "5"]
[EventCountry "ITA"]
[SourceTitle "EXT 2018"]
[Source "ChessBase"]
[SourceDate "2017.10.13"]
[SourceVersion "1"]
[SourceVersionDate "2017.10.13"]
[SourceQuality "1"]

1. e4 c6 2. c4 d5 3. exd5 cxd5 4. d4 dxc4 5. Bxc4 e6 6. Nf3 Nf6 7. 0-0 Be7 8. Nc3 0-0 9. b3 Nbd7 10. Bb2 Nb6 11. Qc2 Nbd5 12. Ne2 b6 13. Rac1 Bb7 14. Rfd1 Nb4 15. Qb1 Be4 16. Bd3 Nxd3 17. Rxd3 Rc8 18. Nc3 Bxd3 19. Qxd3 Nd5 20. Ne4 Rxc1+ 21. Bxc1 Qc7 22. Bb2 Rc8 23. Ne1 Bb4 24. Nd2 Bd6 25. Kh1 Nb4 26. Qb1 Nc2 27. Nd3 b5 28. Kg1 Na3 29. Bxa3 Bxa3 30. Nc5 Bxc5 31. dxc5 Qxc5 32. Qd3 Qc2 33. Qe3 Qd1+ 34. Nf1 Rc1 35. Qxa7 Qxf1# 0-1